[Event "BCF-chTb 1920 (4NCL)"]
[Site "Daventry"]
[Date "2020.02.29"]
[Round "1.77"]
[White "Stepanyan, Henrik"]
[Black "Foisor, Mihaela Veronica"]
[Result "1/2-1/2"]
[WhiteElo "2193"]
[BlackElo "2211"]
[PlyCount "46"]
[EventDate "2019.11.09"]
[EventType "team-tourn"]
[EventRounds "11"]
[EventCountry "ENG"]
[SourceTitle "CBM 195 Extra"]
[Source "ChessBase"]
[SourceDate "2020.05.31"]
[SourceVersion "1"]
[SourceVersionDate "2020.05.31"]
[SourceQuality "1"]
[WhiteTeam "Wood Green Monarchs"]
[BlackTeam "Grantham Sharks"]
[WhiteTeamCountry "ENG"]
[BlackTeamCountry "ENG"]

1. d4 Nf6 2. c4 e6 3. Nf3 d5 4. g3 c6 5. Qc2 Be7 6. Bg2 b6 7. 0-0 Ba6 8. Nbd2 Nbd7 9. Re1 0-0 10. e4 dxe4 11. Nxe4 Nxe4 12. Rxe4 c5 13. Re1 Rc8 14. d5 exd5 15. cxd5 Nf6 16. Bf4 Bd6 17. Bg5 h6 18. Bxf6 Qxf6 19. Nd2 Bb7 20. Ne4 Qg6 21. Qa4 Bxd5 22. Nxd6 Qxd6 23. Bxd5 Qxd5 1/2-1/2

[Event "BCF-chTb 1819 (4NCL)"]
[Site "Daventry"]
[Date "2019.02.09"]
[Round "5.66"]
[White "Foisor, Mihaela Veronica"]
[Black "Kilpatrick, Callum"]
[Result "0-1"]
[WhiteElo "2222"]
[BlackElo "2353"]
[PlyCount "82"]
[EventDate "2018.11.10"]
[EventType "team-tourn"]
[EventRounds "11"]
[EventCountry "ENG"]
[SourceTitle "CBM 188 Extra"]
[Source "ChessBase"]
[SourceDate "2019.02.26"]
[SourceVersion "1"]
[SourceVersionDate "2019.02.26"]
[SourceQuality "1"]
[WhiteTeam "Grantham Sharks"]
[BlackTeam "Guildford II"]
[WhiteTeamCountry "ENG"]
[BlackTeamCountry "ENG"]

1. c4 Nf6 2. Nc3 d5 3. cxd5 Nxd5 4. g3 g6 5. Bg2 Nb6 6. d3 Bg7 7. Bf4 e5 8. Be3 Nc6 9. Bc5 Ne7 10. h4 0-0 11. h5 Re8 12. h6 Bh8 13. Qd2 Nf5 14. Nf3 Nd7 15. Ba3 Nf6 16. e4 Nd4 17. Nxd4 Qxd4 18. Rc1 Qd7 19. b3 b6 20. Bh3 Qd8 21. Bxc8 Rxc8 22. Bb2 Qd7 23. Kf1 Red8 24. Rd1 b5 25. Qe2 c5 26. Kg2 a6 27. Rd2 Rc6 28. f3 c4 29. bxc4 bxc4 30. Rhd1 Rd6 31. d4 Rxd4 32. Rxd4 exd4 33. Qxc4 d3 34. Na4 Rc8 35. Nc5 Qe7 36. Bd4 Nh5 37. Bxh8 Qg5 38. g4 Rxc5 39. Qd4 Rc2+ 40. Kg1 Qh4 41. Be5 Ng3 0-1

[Event "BCF-chT1a 1718 (4NCL)"]
[Site "England"]
[Date "2018.02.11"]
[Round "6.24"]
[White "Adair, James R"]
[Black "Foisor, Mihaela Veronica"]
[Result "1-0"]
[WhiteElo "2479"]
[BlackElo "2229"]
[PlyCount "61"]
[EventDate "2017.11.11"]
[EventType "team-swiss"]
[EventRounds "11"]
[EventCountry "ENG"]
[SourceTitle "EXT 2019"]
[Source "ChessBase"]
[SourceDate "2018.10.10"]
[SourceVersion "1"]
[SourceVersionDate "2018.10.10"]
[SourceQuality "1"]
[WhiteTeam "White Rose"]
[BlackTeam "Grantham Sharks"]
[WhiteTeamCountry "ENG"]
[BlackTeamCountry "ENG"]

1. e4 e6 2. d4 d5 3. Nd2 Nf6 4. e5 Nfd7 5. Bd3 c5 6. c3 Nc6 7. Ne2 cxd4 8. cxd4 f6 9. exf6 Qxf6 10. 0-0 Bd6 11. Nf3 h6 12. Ng3 0-0 13. Bc2 Rd8 14. Re1 Nf8 15. Ne5 Qh4 16. f4 Bxe5 17. dxe5 Bd7 18. Be3 Be8 19. Rc1 Kh8 20. Bc5 Ng6 21. f5 Ngxe5 22. fxe6 b6 23. Bf8 Qg5 24. Nf5 Bh5 25. Bxg7+ Qxg7 26. Qxh5 Qg5 27. Qxg5 hxg5 28. e7 Re8 29. Ba4 Rac8 30. Nd6 Nd3 31. Rxc6 1-0

[Event "BCF-chT1a 1718 (4NCL)"]
[Site "England"]
[Date "2017.11.11"]
[Round "1.25"]
[White "Claridge Hansen, William"]
[Black "Foisor, Mihaela Veronica"]
[Result "1/2-1/2"]
[WhiteElo "2283"]
[BlackElo "2229"]
[PlyCount "66"]
[EventDate "2017.11.11"]
[EventType "team-swiss"]
[EventRounds "11"]
[EventCountry "ENG"]
[SourceTitle "CBM 181 Extra"]
[Source "ChessBase"]
[SourceDate "2017.12.12"]
[SourceVersion "1"]
[SourceVersionDate "2017.12.12"]
[SourceQuality "1"]
[WhiteTeam "Oxford"]
[BlackTeam "Grantham Sharks"]
[WhiteTeamCountry "ENG"]
[BlackTeamCountry "ENG"]

1. c4 c5 2. g3 g6 3. Bg2 Bg7 4. Nc3 Nc6 5. Nf3 e5 6. a3 d6 7. 0-0 Nge7 8. b4 cxb4 9. axb4 Nxb4 10. Ba3 Nbc6 11. Ne4 0-0 12. Nxd6 Bg4 13. Nxb7 Qc7 14. Nd6 Rad8 15. c5 e4 16. Nxe4 Bxf3 17. Bxf3 Bxa1 18. Qxa1 Nd4 19. Nf6+ Kg7 20. Nd5 Nxd5 21. Qxd4+ Nf6 22. Qc3 Rfe8 23. Rb1 Qe5 24. Qa5 Rb8 25. Rc1 Ne4 26. Bb4 Kg8 27. Bxe4 Qxe4 28. Bc3 Rb1 29. Rxb1 Qxb1+ 30. Kg2 Qe4+ 31. Kh3 Qe6+ 32. Kg2 Qe4+ 33. Kh3 Qe6+ 1/2-1/2

[Event "BCF-chT1c 1617 (4NCL) Promotion pool"]
[Site "England"]
[Date "2017.04.30"]
[Round "10.34"]
[White "Foisor, Mihaela Veronica"]
[Black "Taylor, Martin R"]
[Result "1/2-1/2"]
[WhiteElo "2249"]
[BlackElo "2320"]
[PlyCount "42"]
[EventDate "2016.11.19"]
[EventType "team-tourn"]
[EventRounds "4"]
[EventCountry "ENG"]
[SourceTitle "EXT 2018"]
[Source "ChessBase"]
[SourceDate "2017.10.13"]
[SourceVersion "1"]
[SourceVersionDate "2017.10.13"]
[SourceQuality "1"]
[WhiteTeam "Grantham Sharks"]
[BlackTeam "Barbican"]
[WhiteTeamCountry "ENG"]
[BlackTeamCountry "ENG"]

1. c4 e5 2. Nc3 Nc6 3. g3 g6 4. Bg2 Bg7 5. e4 d6 6. d3 Nd4 7. Nge2 Ne7 8. 0-0 0-0 9. Be3 c6 10. Qd2 f5 11. f4 Be6 12. Rae1 Qd7 13. Kh1 Rae8 14. b4 a6 15. a4 Nxe2 16. Rxe2 fxe4 17. Nxe4 Nf5 18. fxe5 Nxe3 19. Rxf8+ Rxf8 20. Qxe3 Bxe5 21. Re1 Bh3 1/2-1/2

[Event "BCF-chT1b 1617 (4NCL)"]
[Site "England"]
[Date "2017.03.04"]
[Round "7.74"]
[White "Foisor, Mihaela Veronica"]
[Black "Gourlay, Iain"]
[Result "0-1"]
[WhiteElo "2249"]
[BlackElo "2385"]
[PlyCount "60"]
[EventDate "2016.11.19"]
[EventType "team-tourn"]
[EventRounds "7"]
[EventCountry "ENG"]
[SourceTitle "EXT 2018"]
[Source "ChessBase"]
[SourceDate "2017.10.13"]
[SourceVersion "1"]
[SourceVersionDate "2017.10.13"]
[SourceQuality "1"]
[WhiteTeam "Grantham Sharks"]
[BlackTeam "White Rose"]
[WhiteTeamCountry "ENG"]
[BlackTeamCountry "ENG"]

1. d4 d5 2. c4 c6 3. e3 Nf6 4. Nc3 a6 5. Nf3 Bf5 6. a4 e6 7. Be2 Nbd7 8. Nh4 Be4 9. f3 Bg6 10. Nxg6 hxg6 11. e4 dxe4 12. fxe4 Bb4 13. Qc2 e5 14. Be3 Qa5 15. 0-0 exd4 16. Bxd4 Bc5 17. Bf2 0-0-0 18. Rab1 Qc7 19. g3 Bxf2+ 20. Rxf2 Ne5 21. b4 Neg4 22. Bxg4+ Nxg4 23. Re2 Nxh2 24. Rxh2 Qxg3+ 25. Rg2 Qe3+ 26. Rf2 Rh3 27. Qe2 Rg3+ 28. Kf1 Qxc3 29. Rd1 Rxd1+ 30. Qxd1 Qxc4+ 0-1

[Event "BCF-chT1b 1617 (4NCL)"]
[Site "England"]
[Date "2016.11.19"]
[Round "1.75"]
[White "Foisor, Mihaela Veronica"]
[Black "Talsma, Paul"]
[Result "1/2-1/2"]
[WhiteElo "2249"]
[BlackElo "2177"]
[PlyCount "84"]
[EventDate "2016.11.19"]
[EventType "team-tourn"]
[EventRounds "7"]
[EventCountry "ENG"]
[SourceTitle "CBM 175 Extra"]
[Source "ChessBase"]
[SourceDate "2016.12.12"]
[SourceVersion "1"]
[SourceVersionDate "2016.12.12"]
[SourceQuality "1"]
[WhiteTeam "Grantham Sharks"]
[BlackTeam "Anglian Avengers"]
[WhiteTeamCountry "ENG"]
[BlackTeamCountry "ENG"]

1. d4 Nf6 2. c4 c5 3. d5 b5 4. cxb5 a6 5. bxa6 g6 6. Nc3 Bxa6 7. e4 Bxf1 8. Kxf1 d6 9. g3 Bg7 10. Kg2 0-0 11. Nf3 Nbd7 12. Re1 Ng4 13. Nd2 Nge5 14. Qe2 Nb6 15. f4 Ned7 16. a4 Bxc3 17. bxc3 Nxa4 18. Qd3 Qa5 19. Ra3 f6 20. c4 Rfb8 21. Qc2 Rb4 22. h4 Ndb6 23. h5 Rxc4 24. Qd1 Rd4 25. hxg6 hxg6 26. Qg4 Rxd2+ 27. Bxd2 Qxd2+ 28. Re2 Qd1 29. Qxg6+ Kf8 30. Rf2 c4 31. Raf3 Nc5 32. e5 Nxd5 33. Qh6+ Kf7 34. f5 dxe5 35. Qh7+ Kf8 36. Qh8+ Kf7 37. Qxa8 e4 38. Ra3 c3 39. Qh8 Ne3+ 40. Kh2 Ng4+ 41. Kg2 Ne3+ 42. Kh2 Ng4+ 1/2-1/2

[Event "ROM-ch (Women)"]
[Site "Olanesti"]
[Date "2016.04.10"]
[Round "9"]
[White "Bulmaga, Irina"]
[Black "Foisor, Mihaela Veronica"]
[Result "1-0"]
[WhiteElo "2366"]
[BlackElo "2263"]
[PlyCount "63"]
[EventDate "2016.04.02"]
[EventType "swiss"]
[EventRounds "9"]
[EventCountry "ROU"]
[SourceTitle "CBM 171 Extra"]
[Source "ChessBase"]
[SourceDate "2016.04.26"]
[SourceVersion "1"]
[SourceVersionDate "2016.04.26"]
[SourceQuality "1"]

1. e4 e6 2. d4 d5 3. Nc3 Nf6 4. Bg5 Bb4 5. e5 h6 6. Bh4 g5 7. Bg3 Ne4 8. Nge2 c5 9. a3 Bxc3+ 10. Nxc3 cxd4 11. Qxd4 Nc6 12. Bb5 Bd7 13. Bxc6 Bxc6 14. 0-0-0 Nxc3 15. Qxc3 Qb6 16. Rd4 Rc8 17. Rhd1 Rc7 18. Qf3 Rg8 19. h4 Qa6 20. Kb1 Ba4 21. Rc1 Bb5 22. Qf6 Qb6 23. Rb4 a5 24. Rb3 Rc4 25. Qxh6 Qc6 26. Qh7 Rf8 27. hxg5 Ba4 28. Rf3 Rg4 29. Qh5 Re4 30. b3 Bb5 31. g6 Be2 32. g7 1-0

[Event "ROM-ch (Women)"]
[Site "Olanesti"]
[Date "2016.04.09"]
[Round "8"]
[White "Foisor, Mihaela Veronica"]
[Black "Sgircea, Silvia Raluca"]
[Result "1/2-1/2"]
[WhiteElo "2263"]
[BlackElo "2232"]
[PlyCount "48"]
[EventDate "2016.04.02"]
[EventType "swiss"]
[EventRounds "9"]
[EventCountry "ROU"]
[SourceTitle "CBM 171 Extra"]
[Source "ChessBase"]
[SourceDate "2016.04.26"]
[SourceVersion "1"]
[SourceVersionDate "2016.04.26"]
[SourceQuality "1"]

1. c4 c5 2. g3 g6 3. Bg2 Bg7 4. Nc3 Nc6 5. e3 e6 6. Nge2 Nge7 7. 0-0 0-0 8. d4 cxd4 9. Nxd4 Nxd4 10. exd4 d5 11. cxd5 Nxd5 12. Nxd5 exd5 13. Be3 Be6 14. Qb3 Qd7 15. Rfc1 Rfc8 16. Rc3 Rxc3 17. bxc3 Rc8 18. Bd2 h5 19. h4 Kh7 20. Rb1 b6 21. Qb5 Qxb5 22. Rxb5 Rd8 23. a4 Bh6 24. Bxh6 Kxh6 1/2-1/2

[Event "ROM-ch (Women)"]
[Site "Olanesti"]
[Date "2016.04.08"]
[Round "7"]
[White "Foisor, Mihaela Veronica"]
[Black "Cosma, Elena Luminita"]
[Result "0-1"]
[WhiteElo "2263"]
[BlackElo "2319"]
[PlyCount "124"]
[EventDate "2016.04.02"]
[EventType "swiss"]
[EventRounds "9"]
[EventCountry "ROU"]
[SourceTitle "CBM 171 Extra"]
[Source "ChessBase"]
[SourceDate "2016.04.26"]
[SourceVersion "1"]
[SourceVersionDate "2016.04.26"]
[SourceQuality "1"]

1. d4 d5 2. c4 e6 3. Nc3 Nf6 4. cxd5 exd5 5. Bg5 c6 6. Qc2 Be7 7. e3 Nbd7 8. Bd3 Nh5 9. Bxe7 Qxe7 10. 0-0-0 Nb6 11. Kb1 g6 12. Nge2 Ng7 13. Rhe1 Bf5 14. Nc1 0-0-0 15. f3 Kb8 16. g4 Bxd3 17. Nxd3 h5 18. h3 hxg4 19. hxg4 Ne6 20. Qg2 Rh7 21. Qg3+ Qc7 22. Qxc7+ Kxc7 23. Ne5 Nd7 24. Nxd7 Rxd7 25. Rh1 Rxh1 26. Rxh1 Re7 27. f4 Nf8 28. Re1 Nd7 29. g5 Nb6 30. b3 Re8 31. Kc2 Rh8 32. Kd3 Rh3 33. Rf1 Nc8 34. f5 gxf5 35. Rxf5 Nd6 36. Re5 Kd7 37. Kd2 Rg3 38. Ke2 Rg2+ 39. Kd3 b5 40. Ne2 b4 41. e4 Nxe4 42. Ke3 a5 43. Nf4 Rg3+ 44. Ke2 Rxg5 45. Rxg5 Nxg5 46. Nd3 Kd6 47. Ke3 f6 48. Ne1 Ne4 49. Kd3 Ke6 50. Nf3 Kf5 51. Nh4+ Kg5 52. Nf3+ Kg4 53. Nh2+ Kf4 54. Nf1 f5 55. Ne3 Nf2+ 56. Ke2 Ng4 57. Ng2+ Ke4 58. Nh4 Ne3 59. Nf3 Nc2 60. Ng5+ Kxd4 61. Kd2 Na3 62. Ne6+ Ke5 0-1

[Event "London Classic rapid op 7th"]
[Site "London"]
[Date "2015.12.12"]
[Round "2"]
[White "Foisor, Mihaela Veronica"]
[Black "Bauer, Christian"]
[Result "0-1"]
[WhiteElo "2240"]
[BlackElo "2626"]
[PlyCount "76"]
[EventDate "2015.12.12"]
[EventType "swiss (rapid)"]
[EventRounds "10"]
[EventCountry "ENG"]
[SourceTitle "CBM 169 Extra"]
[Source "ChessBase"]
[SourceDate "2015.12.18"]
[SourceVersion "1"]
[SourceVersionDate "2015.12.18"]
[SourceQuality "1"]

1. d4 a6 2. g3 e6 3. Bg2 c5 4. Nf3 cxd4 5. Nxd4 Qc7 6. 0-0 Nf6 7. b3 d5 8. Bb2 e5 9. Nf3 Nc6 10. Nbd2 Be7 11. c4 d4 12. Ne1 Bf5 13. e4 dxe3 14. fxe3 Bg6 15. Qe2 Rd8 16. Rd1 0-0 17. Kh1 Qa5 18. Ndf3 Qxa2 19. Ra1 Qxb3 20. Nxe5 Nxe5 21. Bxe5 Rfe8 22. Bd4 Ne4 23. Qa2 Qxa2 24. Rxa2 Rc8 25. Nf3 Bd6 26. Rc1 Nc5 27. Nh4 Nb3 28. Rg1 Bd3 29. Bxb7 Bxc4 30. Bxc8 Rxc8 31. Rf2 Bd5+ 32. Ng2 a5 33. Rb1 Be4 34. Rbf1 f6 35. Kg1 a4 36. Nf4 a3 37. Ra2 Bb4 38. Rb1 Bxb1 0-1

[Event "BL 1415 (Women)"]
[Site "Germany"]
[Date "2015.03.29"]
[Round "8.5"]
[White "Flauss, Jessica"]
[Black "Foisor, Mihaela Veronica"]
[Result "0-1"]
[WhiteElo "1465"]
[BlackElo "2236"]
[PlyCount "74"]
[EventDate "2014.09.27"]
[EventType "team-tourn"]
[EventRounds "11"]
[EventCountry "GER"]
[SourceTitle "CBM 166 Extra"]
[Source "ChessBase"]
[SourceDate "2015.06.18"]
[SourceVersion "1"]
[SourceVersionDate "2015.06.18"]
[SourceQuality "1"]
[WhiteTeam "Lehrte (W)"]
[BlackTeam "Deizisau (W)"]
[WhiteTeamCountry "GER"]
[BlackTeamCountry "GER"]

1. d4 d5 2. c4 dxc4 3. e4 Nf6 4. Nc3 e5 5. Be3 exd4 6. Qxd4 Bd6 7. Bxc4 Nc6 8. Qd2 0-0 9. Nge2 Ne5 10. Bb3 Bb4 11. Qxd8 Rxd8 12. 0-0 Be6 13. Bxe6 fxe6 14. Rfd1 Nc4 15. Rxd8+ Rxd8 16. Bg5 Bxc3 17. Nxc3 Rd3 18. Bxf6 gxf6 19. Nb5 c6 20. Na3 Nxa3 21. bxa3 Rxa3 22. Kf1 b5 23. Ke2 b4 24. Kd2 b3 25. Kc3 a5 26. Kb2 Rxa2+ 27. Rxa2 bxa2 28. Kxa2 c5 29. Kb3 f5 30. exf5 exf5 31. g3 h5 32. f3 Kf7 33. h3 Ke6 34. g4 fxg4 35. fxg4 hxg4 36. hxg4 Kf6 37. Kc4 a4 0-1

[Event "EU-ch (Women) 15th"]
[Site "Plovdiv"]
[Date "2014.07.15"]
[Round "9"]
[White "Foisor, Mihaela Veronica"]
[Black "Galunova, Tsveta"]
[Result "1-0"]
[WhiteElo "2257"]
[BlackElo "2125"]
[PlyCount "85"]
[EventDate "2014.07.06"]
[EventType "swiss"]
[EventRounds "11"]
[EventCountry "BUL"]
[SourceTitle "CBM 162"]
[Source "ChessBase"]
[SourceDate "2014.09.17"]
[SourceVersion "1"]
[SourceVersionDate "2014.09.17"]
[SourceQuality "1"]

1. d4 Nf6 2. c4 d6 3. Nf3 g6 4. Nc3 Bf5 5. Bg5 Ne4 6. Nxe4 Bxe4 7. Nd2 Bc6 8. d5 Bd7 9. Qb3 Na6 10. Qc3 f6 11. g3 Bg7 12. Bg2 0-0 13. Be3 c5 14. 0-0 b5 15. Rae1 f5 16. Qc1 Rb8 17. b3 Qa5 18. Bg5 Rfe8 19. cxb5 Qxb5 20. Nc4 Nb4 21. Qd2 a5 22. e4 Bf8 23. a3 Na6 24. Nxa5 Ra8 25. e5 Nb8 26. b4 Na6 27. e6 Bc8 28. Rb1 cxb4 29. axb4 Bb7 30. Rfd1 Bg7 31. Bf1 Qb6 32. Be3 Qc7 33. Rdc1 Qb8 34. Bb5 Rc8 35. Nxb7 Qxb7 36. Bc6 Qb8 37. Bxa8 Qxa8 38. Rxc8+ Qxc8 39. b5 Nc5 40. Bxc5 dxc5 41. b6 c4 42. b7 Qb8 43. Qa2 1-0

[Event "EU-ch (Women) 15th"]
[Site "Plovdiv"]
[Date "2014.07.11"]
[Round "6"]
[White "Foisor, Mihaela Veronica"]
[Black "Peptan, Corina Isabela"]
[Result "1-0"]
[WhiteElo "2257"]
[BlackElo "2453"]
[PlyCount "115"]
[EventDate "2014.07.06"]
[EventType "swiss"]
[EventRounds "11"]
[EventCountry "BUL"]
[SourceTitle "CBM 162"]
[Source "ChessBase"]
[SourceDate "2014.09.17"]
[SourceVersion "1"]
[SourceVersionDate "2014.09.17"]
[SourceQuality "1"]

1. d4 d5 2. c4 dxc4 3. Nf3 Nf6 4. Nc3 a6 5. a4 Nc6 6. e4 Bg4 7. Be3 e5 8. dxe5 Qxd1+ 9. Rxd1 Bxf3 10. gxf3 Nxe5 11. f4 Nd3+ 12. Bxd3 cxd3 13. Rxd3 Bb4 14. Ke2 c6 15. e5 Bxc3 16. bxc3 Nd7 17. Rhd1 0-0-0 18. a5 Rhe8 19. Kf3 g6 20. c4 Nf8 21. Rxd8+ Rxd8 22. Rxd8+ Kxd8 23. f5 Nd7 24. Ke4 Ke7 25. f4 Ke8 26. h3 Ke7 27. Bf2 Ke8 28. Be3 Nf8 29. Bc5 Nd7 30. Bf2 Nf8 31. Be3 Nd7 32. fxg6 hxg6 33. f5 Ke7 34. h4 Kf8 35. fxg6 fxg6 36. e6 Nf6+ 37. Kd4 Ke8 38. Bg5 Ng4 39. Ke4 Nf2+ 40. Ke3 Nd1+ 41. Kd4 Nf2 42. Kc5 Ne4+ 43. Kb6 Nd6 44. c5 Nc4+ 45. Kxb7 Nxa5+ 46. Kxa6 Nb3 47. Kb6 Nd4 48. Kc7 Nxe6+ 49. Kxc6 Nd4+ 50. Kd5 Nb5 51. c6 Na7 52. Kd6 Nb5+ 53. Kc5 Nc7 54. Kb6 Ne6 55. Kb7 Nc5+ 56. Ka7 Ne4 57. Kb8 Nd6 58. Bf4 1-0

[Event "EU-ch (Women) 15th"]
[Site "Plovdiv"]
[Date "2014.07.09"]
[Round "4"]
[White "Foisor, Mihaela Veronica"]
[Black "Kaya, Emel"]
[Result "1/2-1/2"]
[WhiteElo "2257"]
[BlackElo "1987"]
[PlyCount "92"]
[EventDate "2014.07.06"]
[EventType "swiss"]
[EventRounds "11"]
[EventCountry "BUL"]
[SourceTitle "CBM 162"]
[Source "ChessBase"]
[SourceDate "2014.09.17"]
[SourceVersion "1"]
[SourceVersionDate "2014.09.17"]
[SourceQuality "1"]

1. d4 d5 2. c4 dxc4 3. Nf3 a6 4. e3 b5 5. a4 Bb7 6. b3 Nf6 7. bxc4 bxc4 8. Bxc4 e6 9. 0-0 Nbd7 10. Nbd2 Be7 11. Qe2 c5 12. Rb1 Qc7 13. Ba3 0-0 14. Rfc1 Rfb8 15. Nb3 Ne4 16. Bd3 Bd5 17. Nxc5 Rxb1 18. Bxb1 Nexc5 19. dxc5 g6 20. Nd4 Qa5 21. e4 Qxa4 22. Bb2 Ba2 23. Bxa2 Bxc5 24. Nxe6 Qxa2 25. Nxc5 Nxc5 26. Rxc5 Rb8 27. h4 Qxb2 28. Qf3 Qd4 29. Rd5 Qa1+ 30. Kh2 Re8 31. Qf4 Qa4 32. f3 Qc4 33. h5 f5 34. h6 Qc6 35. Rd6 Qc5 36. Rd7 Qe5 37. Qxe5 Rxe5 38. Rg7+ Kh8 39. Ra7 Kg8 40. Rg7+ Kh8 41. Ra7 Kg8 42. Kg3 fxe4 43. Kf4 exf3 44. Kxe5 f2 45. Ra8+ Kf7 46. Ra7+ Kg8 1/2-1/2

[Event "ROM-ch U20 Girls"]
[Site "Calimanesti"]
[Date "2014.04.13"]
[Round "10"]
[White "Gelip, Ioana"]
[Black "Foisor, Mihaela Veronica"]
[Result "0-1"]
[WhiteElo "2104"]
[BlackElo "2274"]
[PlyCount "80"]
[EventDate "2014.04.06"]
[EventType "tourn"]
[EventRounds "10"]
[EventCountry "ROU"]
[SourceTitle "CBM 160 Extra"]
[Source "ChessBase"]
[SourceDate "2014.07.01"]
[SourceVersion "1"]
[SourceVersionDate "2014.07.01"]
[SourceQuality "1"]

1. e4 e6 2. d4 d5 3. Nc3 Bb4 4. e5 c5 5. a3 Bxc3+ 6. bxc3 Qa5 7. Bd2 Qa4 8. Qb1 c4 9. Nh3 Nc6 10. Nf4 Nge7 11. Nh5 Rg8 12. g3 b6 13. Bh3 Bd7 14. 0-0 0-0-0 15. Qd1 Rdf8 16. Ra2 Kb7 17. Re1 Nf5 18. Qf3 Qa5 19. Rd1 Nce7 20. Bg5 h6 21. Bxe7 Nxe7 22. Nxg7 Rxg7 23. Qf6 Nf5 24. Bxf5 Rgg8 25. Bh3 Qxc3 26. Qxh6 Ba4 27. Qd2 Qxd2 28. Rxd2 c3 29. Rd3 Rc8 30. Rf3 Rc4 31. Bf1 Rxd4 32. Bd3 Be8 33. Rf6 b5 34. Ra1 a5 35. Rb1 Kb6 36. f4 b4 37. Kf2 Rxd3 38. cxd3 c2 39. Re1 b3 40. Ke2 b2 0-1

[Event "ROM-ch U20 Girls"]
[Site "Calimanesti"]
[Date "2014.04.11"]
[Round "8"]
[White "Foisor, Mihaela Veronica"]
[Black "Serbanescu, Diana Maria"]
[Result "1-0"]
[WhiteElo "2274"]
[BlackElo "1976"]
[PlyCount "57"]
[EventDate "2014.04.06"]
[EventType "tourn"]
[EventRounds "10"]
[EventCountry "ROU"]
[SourceTitle "CBM 160 Extra"]
[Source "ChessBase"]
[SourceDate "2014.07.01"]
[SourceVersion "1"]
[SourceVersionDate "2014.07.01"]
[SourceQuality "1"]

1. d4 Nf6 2. Bg5 g6 3. Bxf6 exf6 4. e3 Bg7 5. h4 h5 6. Ne2 d5 7. Nf4 Bh6 8. g3 c6 9. c4 Bxf4 10. gxf4 Be6 11. c5 Qe7 12. Nd2 Bg4 13. Qb3 g5 14. hxg5 fxg5 15. fxg5 Kd8 16. Be2 Bxe2 17. Kxe2 a5 18. Rag1 Kc8 19. Qd3 b6 20. cxb6 Kb7 21. g6 fxg6 22. Qxg6 Kxb6 23. Rxh5 Rxh5 24. Qxh5 Na6 25. Rg6 Rd8 26. Qg5 Qe8 27. Rg7 Nb4 28. a3 Nc2 29. Kd1 1-0

[Event "ROM-ch U20 Girls"]
[Site "Calimanesti"]
[Date "2014.04.09"]
[Round "5"]
[White "Foisor, Mihaela Veronica"]
[Black "Gelip, Ioana"]
[Result "1/2-1/2"]
[WhiteElo "2274"]
[BlackElo "2104"]
[PlyCount "80"]
[EventDate "2014.04.06"]
[EventType "tourn"]
[EventRounds "10"]
[EventCountry "ROU"]
[SourceTitle "CBM 160 Extra"]
[Source "ChessBase"]
[SourceDate "2014.07.01"]
[SourceVersion "1"]
[SourceVersionDate "2014.07.01"]
[SourceQuality "1"]

1. d4 Nf6 2. c4 e6 3. Nc3 Bb4 4. e3 0-0 5. Bd3 d5 6. a3 Bxc3+ 7. bxc3 dxc4 8. Bxc4 c5 9. Ne2 Qc7 10. Ba2 b6 11. 0-0 Ba6 12. Re1 cxd4 13. cxd4 Rc8 14. Bd2 Qc2 15. Ng3 Nbd7 16. Bb3 Qxd1 17. Rexd1 Bc4 18. Bxc4 Rxc4 19. Rac1 Rac8 20. Kf1 b5 21. Ke2 Nb6 22. f3 h5 23. Kd3 g6 24. Ne2 Na4 25. Rb1 a6 26. Rdc1 Nd7 27. Rxc4 Rxc4 28. Nc3 Nab6 29. e4 Kf8 30. Na2 e5 31. d5 Nc5+ 32. Ke2 f5 33. exf5 gxf5 34. Nb4 Ke7 35. Be3 a5 36. Nc6+ Kd6 37. Rxb5 Nxd5 38. Rxc5 Nxe3 39. Rxc4 Nxc4 40. Nd8 Nxa3 1/2-1/2

[Event "ROM-ch U20 Girls"]
[Site "Calimanesti"]
[Date "2014.04.06"]
[Round "1"]
[White "Nevednicii, Alexandra"]
[Black "Foisor, Mihaela Veronica"]
[Result "0-1"]
[WhiteElo "1720"]
[BlackElo "2274"]
[PlyCount "86"]
[EventDate "2014.04.06"]
[EventType "tourn"]
[EventRounds "10"]
[EventCountry "ROU"]
[SourceTitle "CBM 160 Extra"]
[Source "ChessBase"]
[SourceDate "2014.07.01"]
[SourceVersion "1"]
[SourceVersionDate "2014.07.01"]
[SourceQuality "1"]

1. e4 e6 2. d4 c5 3. Nf3 cxd4 4. Nxd4 Nf6 5. Bd3 Nc6 6. Nxc6 bxc6 7. 0-0 d5 8. exd5 cxd5 9. Re1 Be7 10. Nd2 0-0 11. Nf3 a5 12. Ne5 Qb6 13. c3 Bc5 14. Qc2 Ba6 15. Be3 Bxd3 16. Bxc5 Qxc5 17. Qxd3 Rfb8 18. Re2 Ra7 19. Rd1 a4 20. Qd4 Rc8 21. a3 Qxd4 22. Rxd4 Ne4 23. Nd3 Nd6 24. Rb4 g6 25. f3 Rc4 26. Kf2 Rxb4 27. Nxb4 Nc4 28. Nd3 Rb7 29. Kg3 Kg7 30. Kf4 Kf6 31. Kg4 e5 32. Nb4 Ke6 33. Kg3 f5 34. Kf2 f4 35. Ke1 g5 36. Nd3 Kf5 37. Kf2 h5 38. h3 Rb6 39. Nb4 Rb5 40. Nd3 e4 41. fxe4+ dxe4 42. Nb4 e3+ 43. Ke1 g4 0-1